000 00359 a2200169 4500
001 183442
020 _a85-262-1488-8
040 _cMagnum
100 _aGuedes, Hardy
240 1 0 _aA loja da dona raposa
_lpor
245 1 0 _aA loja da dona raposa
300 _a24
362 0 _a2003
440 1 _aScipione
697 _aLITERATURA INFANTO
942 _cBK
999 _c183442
_d183442